[Event "Lake Sevan"]
[Site "Martuni"]
[Date "2013.09.15"]
[Round "8"]
[White "Zhigalko, Sergei"]
[Black "Pashikian, Arman"]
[Result "1/2-1/2"]
[WhiteElo "2664"]
[BlackElo "2609"]
[PlyCount "238"]
[EventDate "2013.09.08"]
[EventType "tourn"]
[EventRounds "9"]
[EventCountry "ARM"]
[EventCategory "16"]
[SourceTitle "CBM 157"]
[Source "ChessBase"]
[SourceDate "2013.11.12"]
[SourceVersion "1"]
[SourceVersionDate "2013.11.12"]
[SourceQuality "1"]

1. e4 e5 2. Nf3 Nc6 3. Bb5 Nf6 4. O-O Nxe4 5. Re1 Nd6 6. Nxe5 Be7 7. Bf1 Nxe5 8. Rxe5 O-O 9. Nc3 Ne8 10. Nd5 Bd6 11. Re1 c6 12. Ne3 Bc7 13. Nf5 d5 14. Ne7+ Kh8 15. Nxc8 Rxc8 16. d3 Bd6 17. c3 Nc7 18. Qf3 Ne6 19. d4 Qe7 20. Bd2 f5 21. Bd3 g6 22. Re2 Ng5 23. Bxg5 Qxg5 24. Rae1 Qg4 25. Qxg4 fxg4 26. Re6 Rcd8 27. Be2 c5 28. g3 cxd4 29. cxd4 Bb4 30. Rd1 Rc8 31. Bxg4 Rc2 32. Re2 Rxe2 33. Bxe2 Rc8 34. a3 Rc2 35. Bf3 Bd2 36. Kf1 Rxb2 37. Bxd5 b5 38. Bc6 Ba5 39. d5 Bb6 40. f4 Rf2+ 41. Ke1 Rxh2 42. d6 Kg7 43. d7 Bd8 44. Kf1 Ra2 45. Rd3 a6 46. Re3 Rc2 47. Bb7 Rd2 48. Bxa6 Rxd7 49. Bxb5 Rd2 50. a4 h5 51. Re4 h4 52. gxh4 Bxh4 53. a5 Rd5 54. Re5 Rd4 55. a6 Rxf4+ 56. Kg2 Bf2 57. Re7+ Kh6 58. a7 Bxa7 59. Rxa7 Kg5 60. Bd3 Rd4 61. Be2 Rd6 62. Ra5+ Kh6 63. Kg3 Re6 64. Bf3 Rb6 65. Re5 Kg7 66. Be4 Kh6 67. Kg4 Ra6 68. Re8 Rb6 69. Kf4 Ra6 70. Ke5 Ra5+ 71. Bd5 Ra6 72. Rf8 Kg7 73. Rf1 Rb6 74. Rf7+ Kh6 75. Ra7 Kg5 76. Be6 Rb5+ 77. Kd6 Rb4 78. Ra1 Kf6 79. Rf1+ Kg7 80. Ke7 Rb2 81. Rf7+ Kh6 82. Rf8 Kg7 83. Rg8+ Kh6 84. Ra8 Kg7 85. Ra6 Rf2 86. Kd6 Kf6 87. Bd5 Rd2 88. Kc5+ Ke5 89. Bf7 g5 90. Rg6 Kf5 91. Rg8 Kf4 92. Be6 Ke5 93. Bc8 Rc2+ 94. Kb4 Kf4 95. Be6 Rc6 96. Rf8+ Kg3 97. Bd5 Rc1 98. Rf3+ Kg4 99. Rf2 Kg3 100. Rg2+ Kf4 101. Be6 Rc6 102. Bg4 Rc7 103. Kb3 Rc6 104. Kb2 Rc7 105. Bd1 Rc5 106. Rg4+ Ke3 107. Kb3 Rd5 108. Bc2 Kf3 109. Rc4 Rd8 110. Be4+ Kg3 111. Kc2 g4 112. Bf5 Rf8 113. Be6 Rf4 114. Rc8 Kf2 115. Rg8 g3 116. Bd5 Rd4 117. Ba8 Ra4 118. Rf8+ Kg1 119. Kd2 g2 1/2-1/2

[Event "Lake Sevan"]
[Site "Martuni"]
[Date "2013.09.16"]
[Round "9"]
[White "Kuzubov, Yuriy"]
[Black "Zhigalko, Sergei"]
[Result "1/2-1/2"]
[WhiteElo "2628"]
[BlackElo "2664"]
[PlyCount "26"]
[EventDate "2013.09.08"]
[EventType "tourn"]
[EventRounds "9"]
[EventCountry "ARM"]
[EventCategory "16"]
[SourceTitle "CBM 157"]
[Source "ChessBase"]
[SourceDate "2013.11.12"]
[SourceVersion "1"]
[SourceVersionDate "2013.11.12"]
[SourceQuality "1"]

1. d4 d5 2. c4 e6 3. Nf3 c6 4. e3 Bd6 5. b3 f5 6. Be2 Nf6 7. O-O Qe7 8. a4 a5 9. Ba3 Bxa3 10. Nxa3 O-O 11. Nb1 Na6 12. Ne5 Nb4 13. Nd2 b6 1/2-1/2

[Event "Baku op"]
[Site "Baku"]
[Date "2013.09.19"]
[Round "1"]
[White "Zhigalko, Sergei"]
[Black "Guliev, Sarhan"]
[Result "1-0"]
[WhiteElo "2664"]
[BlackElo "2460"]
[PlyCount "77"]
[EventDate "2013.09.19"]
[EventType "swiss"]
[EventRounds "9"]
[EventCountry "AZE"]
[SourceTitle "CBM 156 Extra"]
[Source "ChessBase"]
[SourceDate "2013.10.22"]
[SourceVersion "1"]
[SourceVersionDate "2013.10.22"]
[SourceQuality "1"]

1. e4 c6 2. d4 d5 3. e5 c5 4. Nf3 Nc6 5. dxc5 Bg4 6. Bb5 e6 7. Be3 Qa5+ 8. Nc3 O-O-O 9. Bxc6 bxc6 10. h3 Bxf3 11. Qxf3 f6 12. Qg4 Re8 13. exf6 Nxf6 14. Qa4 Qxa4 15. Nxa4 e5 16. O-O-O d4 17. Bd2 Ne4 18. Rde1 Nxc5 19. Nxc5 Bxc5 20. Re4 Bd6 21. Rhe1 Kd7 22. c3 c5 23. Kc2 Ref8 24. f3 Rf6 25. R1e2 h5 26. Be1 Rg6 27. Kd3 Kc6 28. Kc4 Rf8 29. Bd2 a6 30. a4 Rf7 31. b3 Bc7 32. b4 Rd7 33. bxc5 dxc3 34. Be3 Ba5 35. Rxe5 Rd2 36. Bxd2 cxd2 37. Rd5 Rg5 38. Rd6+ Kc7 39. g4 1-0

[Event "Baku op"]
[Site "Baku"]
[Date "2013.09.20"]
[Round "2"]
[White "Goganov, Aleksey"]
[Black "Zhigalko, Sergei"]
[Result "1/2-1/2"]
[WhiteElo "2577"]
[BlackElo "2664"]
[PlyCount "206"]
[EventDate "2013.09.19"]
[EventType "swiss"]
[EventRounds "9"]
[EventCountry "AZE"]
[SourceTitle "CBM 156 Extra"]
[Source "ChessBase"]
[SourceDate "2013.10.22"]
[SourceVersion "1"]
[SourceVersionDate "2013.10.22"]
[SourceQuality "1"]

1. d4 Nf6 2. c4 e6 3. Nf3 b6 4. g3 Ba6 5. Qb3 Nc6 6. Nbd2 Na5 7. Qc3 c5 8. dxc5 bxc5 9. e4 Bb7 10. e5 Ne4 11. Qe3 f5 12. exf6 Nxf6 13. Bg2 Be7 14. O-O O-O 15. b3 Nc6 16. Bb2 Nb4 17. Qe2 a5 18. a3 Nc6 19. Ne5 Qc8 20. Nd3 a4 21. Bc3 axb3 22. Nxb3 Nd4 23. Nxd4 Bxg2 24. Nf5 Bxf1 25. Nxe7+ Kf7 26. Rxf1 Kxe7 27. Nxc5 d6 28. Ne4 Nxe4 29. Qxe4 Rxa3 30. Bxg7 Rf7 31. Qh4+ Kd7 32. Qxh7 Qxc4 33. Qg6 Raf3 34. Qb1 e5 35. Bh6 Qb3 36. Qe4 Ke6 37. Qg6+ R3f6 38. Qg4+ Rf5 39. Be3 d5 40. Rc1 d4 41. Bxd4 exd4 42. Qe4+ Kd6 43. Qc6+ Ke7 44. Re1+ Kf8 45. Qh6+ Rg7 46. Qd6+ Kg8 47. Qxd4 Rf8 48. Re5 Qb1+ 49. Kg2 Qb7+ 50. Qd5+ Qxd5+ 51. Rxd5 Ra7 52. Rd2 Rfa8 53. g4 Ra2 54. Rd1 Rb2 55. Kg3 Raa2 56. Rf1 Kf7 57. h4 Kf6 58. Kg2 Rc2 59. Kg3 Re2 60. h5 Reb2 61. f4 Rb3+ 62. Rf3 Raa3 63. Rxb3 Rxb3+ 64. Kf2 Ke6 65. Kg2 Ra3 66. h6 Kf6 67. g5+ Kf5 68. Kf2 Rb3 69. Kg2 Rb4 70. Kg3 Ra4 71. Kh3 Ra1 72. Kg2 Rb1 73. Kf2 Rb3 74. Kg2 Rd3 75. Kf2 Rc3 76. Kg2 Rc4 77. Kg3 Rd4 78. Kh3 Rd7 79. Kg3 Rc7 80. Kf3 Rc3+ 81. Kg2 Rd3 82. Kf2 Rd1 83. Kg2 Rd8 84. Kf3 Rb8 85. Kg3 Rb4 86. Kh3 Re4 87. Kg3 Re3+ 88. Kg2 Rb3 89. Kf2 Rb2+ 90. Kg3 Rc2 91. Kf3 Rh2 92. Kg3 Rh5 93. Kf3 Rh3+ 94. Kg2 Rh4 95. Kg3 Rh5 96. Kf3 Rh1 97. Kg2 Rd1 98. Kf2 Rd4 99. Kg3 Re4 100. Kh3 Rb4 101. Kg3 Rb3+ 102. Kg2 Rc3 103. Kf2 Rd3 1/2-1/2

[Event "Baku op"]
[Site "Baku"]
[Date "2013.09.21"]
[Round "3"]
[White "Zhigalko, Sergei"]
[Black "Kotronias, Vasilios"]
[Result "1-0"]
[WhiteElo "2664"]
[BlackElo "2579"]
[PlyCount "123"]
[EventDate "2013.09.19"]
[EventType "swiss"]
[EventRounds "9"]
[EventCountry "AZE"]
[SourceTitle "CBM 156 Extra"]
[Source "ChessBase"]
[SourceDate "2013.10.22"]
[SourceVersion "1"]
[SourceVersionDate "2013.10.22"]
[SourceQuality "1"]

1. e4 c5 2. Nf3 d6 3. d4 cxd4 4. Nxd4 Nf6 5. Nc3 Nc6 6. Bg5 e6 7. Qd2 a6 8. O-O-O Bd7 9. f3 b5 10. Nxc6 Bxc6 11. Kb1 Be7 12. h4 O-O 13. Ne2 Rc8 14. Nd4 Bb7 15. g4 Nd7 16. Qh2 Ne5 17. Be2 Re8 18. Rhe1 Qc7 19. Bf1 Bf8 20. Bc1 f6 21. g5 f5 22. h5 g6 23. h6 Qf7 24. Qg3 Nd7 25. Bh3 Nc5 26. exf5 exf5 27. b3 Rxe1 28. Rxe1 Re8 29. Bb2 b4 30. Rxe8 Qxe8 31. Qf2 Ne6 32. Qe1 Bd5 33. Bf1 a5 34. c4 bxc3 35. Bxc3 Kf7 36. Nxe6 Qxe6 37. Qxe6+ Kxe6 38. f4 a4 39. bxa4 Be4+ 40. Kb2 d5 41. a5 Bc5 42. Be5 d4 43. Bc4+ Kd7 44. Bb5+ Kc8 45. a6 Bb6 46. Be8 d3 47. Bxg6 hxg6 48. Bc3 Bd4 49. Bxd4 d2 50. h7 d1=Q 51. h8=Q+ Kd7 52. Qg7+ Kc6 53. Qxg6+ Kd5 54. Qb6 Qd2+ 55. Ka3 Qxf4 56. a7 Kc4 57. Qc5+ Kd3 58. Qc3+ Ke2 59. Qe3+ Qxe3+ 60. Bxe3 Kxe3 61. g6 f4 62. g7 1-0

[Event "Baku op"]
[Site "Baku"]
[Date "2013.09.22"]
[Round "4"]
[White "Korneev, Oleg"]
[Black "Zhigalko, Sergei"]
[Result "1/2-1/2"]
[WhiteElo "2621"]
[BlackElo "2664"]
[PlyCount "51"]
[EventDate "2013.09.19"]
[EventType "swiss"]
[EventRounds "9"]
[EventCountry "AZE"]
[SourceTitle "CBM 156 Extra"]
[Source "ChessBase"]
[SourceDate "2013.10.22"]
[SourceVersion "1"]
[SourceVersionDate "2013.10.22"]
[SourceQuality "1"]

1. e4 c5 2. Nf3 d6 3. d4 cxd4 4. Nxd4 Nf6 5. Nc3 a6 6. Be3 Ng4 7. Bg5 h6 8. Bh4 g5 9. Bg3 Bg7 10. h3 Ne5 11. f3 Nbc6 12. Bf2 Ng6 13. Nd5 O-O 14. Qd2 Nxd4 15. Bxd4 Bxd4 16. Qxd4 Qa5+ 17. c3 Be6 18. h4 Bxd5 19. exd5 Nxh4 20. Rxh4 gxh4 21. Qg4+ Kh8 22. Qh5 Kg7 23. Qg4+ Kh8 24. Qh5 Kg7 25. Qg4+ Kh8 26. Qh5 1/2-1/2

[Event "Baku op"]
[Site "Baku"]
[Date "2013.09.23"]
[Round "5"]
[White "Zhigalko, Sergei"]
[Black "Guseinov, Gadir"]
[Result "1-0"]
[WhiteElo "2664"]
[BlackElo "2616"]
[PlyCount "99"]
[EventDate "2013.09.19"]
[EventType "swiss"]
[EventRounds "9"]
[EventCountry "AZE"]
[SourceTitle "CBM 156 Extra"]
[Source "ChessBase"]
[SourceDate "2013.10.22"]
[SourceVersion "1"]
[SourceVersionDate "2013.10.22"]
[SourceQuality "1"]

1. e4 c5 2. Nf3 Nc6 3. Bb5 g6 4. Bxc6 bxc6 5. O-O Bg7 6. Re1 Nf6 7. e5 Nd5 8. c4 Nc7 9. d4 cxd4 10. Qxd4 O-O 11. Qh4 f6 12. Nc3 Ne6 13. Ne4 fxe5 14. Nfg5 Nxg5 15. Bxg5 Qb6 16. Rad1 Qxb2 17. g3 d5 18. cxd5 cxd5 19. Rxd5 Bf5 20. Rd2 Qb7 21. Bxe7 Rf7 22. Ba3 Bxe4 23. Qxe4 Qxe4 24. Rxe4 Re8 25. Bc5 Rb7 26. Ra4 Bh6 27. Re2 Rb5 28. Bxa7 Ra8 29. Ree4 Bd2 30. Kg2 Kf7 31. Rec4 Rb7 32. Bc5 Rxa4 33. Rxa4 Ke6 34. Ra6+ Kd5 35. Rd6+ Kxc5 36. Rxd2 e4 37. Rc2+ Kd4 38. a4 Ra7 39. Ra2 e3 40. fxe3+ Kxe3 41. a5 Ra6 42. Kh3 Ke4 43. Kg4 h6 44. h4 h5+ 45. Kg5 Kf3 46. Ra3+ Ke4 47. Rb3 Rxa5+ 48. Kxg6 Ra8 49. Kxh5 Rg8 50. Ra3 1-0

[Event "Baku op"]
[Site "Baku"]
[Date "2013.09.25"]
[Round "7"]
[White "Alekseev, Evgeny V"]
[Black "Zhigalko, Sergei"]
[Result "1/2-1/2"]
[WhiteElo "2710"]
[BlackElo "2664"]
[PlyCount "36"]
[EventDate "2013.09.19"]
[EventType "swiss"]
[EventRounds "9"]
[EventCountry "AZE"]
[SourceTitle "CBM 156 Extra"]
[Source "ChessBase"]
[SourceDate "2013.10.22"]
[SourceVersion "1"]
[SourceVersionDate "2013.10.22"]
[SourceQuality "1"]

1. e4 c5 2. Nf3 Nc6 3. d4 cxd4 4. Nxd4 Nf6 5. Nc3 e5 6. Ndb5 d6 7. Bg5 a6 8. Na3 b5 9. Nd5 Be7 10. Nxe7 Nxe7 11. Bxf6 gxf6 12. c4 f5 13. exf5 Nxf5 14. Bd3 Nd4 15. O-O Bb7 16. f3 Qg5 17. Kh1 Rg8 18. Rf2 Qh4 1/2-1/2

[Event "Baku op"]
[Site "Baku"]
[Date "2013.09.27"]
[Round "9"]
[White "Efimenko, Zahar"]
[Black "Zhigalko, Sergei"]
[Result "1/2-1/2"]
[WhiteElo "2661"]
[BlackElo "2664"]
[PlyCount "41"]
[EventDate "2013.09.19"]
[EventType "swiss"]
[EventRounds "9"]
[EventCountry "AZE"]
[SourceTitle "CBM 156 Extra"]
[Source "ChessBase"]
[SourceDate "2013.10.22"]
[SourceVersion "1"]
[SourceVersionDate "2013.10.22"]
[SourceQuality "1"]

1. d4 Nf6 2. Nf3 e6 3. c4 b6 4. g3 Ba6 5. b3 Bb4+ 6. Bd2 Be7 7. Nc3 O-O 8. Bg2 d5 9. cxd5 exd5 10. O-O Re8 11. Rc1 Bb7 12. Bf4 c6 13. Ne5 Nbd7 14. e4 Nf8 15. exd5 cxd5 16. Qd3 Ne6 17. Be3 Rc8 18. f3 a6 19. Bh3 Bd6 20. Rfe1 b5 21. Bf2 1/2-1/2

[Event "BLR-ch 80th"]
[Site "Minsk"]
[Date "2014.01.07"]
[Round "1"]
[White "Zhigalko, Sergei"]
[Black "Kupreichik, Viktor D"]
[Result "1/2-1/2"]
[WhiteElo "2682"]
[BlackElo "2455"]
[PlyCount "55"]
[EventDate "2014.01.07"]
[EventType "tourn"]
[EventRounds "13"]
[EventCountry "BLR"]
[EventCategory "9"]
[SourceTitle "CBM 158 Extra"]
[Source "ChessBase"]
[SourceDate "2014.02.28"]
[SourceVersion "1"]
[SourceVersionDate "2014.02.28"]
[SourceQuality "1"]

1. e4 e5 2. Nf3 Nf6 3. Nxe5 d6 4. Nf3 Nxe4 5. Nc3 Nxc3 6. dxc3 Be7 7. Be3 Nc6 8. Qd2 Bf5 9. O-O-O Qd7 10. Kb1 Bf6 11. h3 h6 12. Rg1 a6 13. g4 Be4 14. Qe2 O-O-O 15. Nd2 Rhe8 16. Nxe4 Rxe4 17. Bg2 Re7 18. f4 Rde8 19. Rd3 Na5 20. Qf3 Qb5 21. Bc1 Nc4 22. b3 Re1 23. Rxe1 Rxe1 24. a4 Qb6 25. Rd1 Rxd1 26. Qxd1 Ne3 27. Bxb7+ Kxb7 28. Qf3+ 1/2-1/2

[Event "BLR-ch 80th"]
[Site "Minsk"]
[Date "2014.01.09"]
[Round "3"]
[White "Zhigalko, Sergei"]
[Black "Smirnov, Valerij"]
[Result "1-0"]
[WhiteElo "2682"]
[BlackElo "2327"]
[PlyCount "105"]
[EventDate "2014.01.07"]
[EventType "tourn"]
[EventRounds "13"]
[EventCountry "BLR"]
[EventCategory "9"]
[SourceTitle "CBM 158 Extra"]
[Source "ChessBase"]
[SourceDate "2014.02.28"]
[SourceVersion "1"]
[SourceVersionDate "2014.02.28"]
[SourceQuality "1"]

1. e4 c5 2. Nf3 d6 3. d4 cxd4 4. Nxd4 Nf6 5. Nc3 Nc6 6. Bg5 e6 7. Qd2 a6 8. O-O-O Bd7 9. f3 b5 10. Kb1 Na5 11. Bd3 Be7 12. Be3 Qc7 13. g4 Nc4 14. Bxc4 Qxc4 15. g5 Nh5 16. Nce2 g6 17. Ng3 Ng7 18. f4 O-O 19. Nf3 e5 20. f5 gxf5 21. Nxe5 dxe5 22. Qxd7 f4 23. Qxe7 fxg3 24. Qxe5 g2 25. Rhg1 Rfe8 26. Qf6 Re6 27. Qf2 Rxe4 28. b3 Qe6 29. Qxg2 Re8 30. Bd4 Nf5 31. Bf2 Ne3 32. Bxe3 Rxe3 33. Rgf1 a5 34. Qb7 b4 35. Rf6 Qe7 36. Qxe7 R8xe7 37. Rf5 Re2 38. Rxa5 Rc7 39. Rc1 Rxh2 40. Rb5 Rh4 41. Kb2 Kg7 42. a3 bxa3+ 43. Kxa3 Ra7+ 44. Kb2 h5 45. gxh6+ Rxh6 46. c4 Rh2+ 47. Kc3 Kf6 48. Rf1+ Ke6 49. Rf3 Re2 50. Rbf5 Re3+ 51. Rxe3+ Kxf5 52. c5 Kf4 53. Re1 1-0

[Event "BLR-ch 80th"]
[Site "Minsk"]
[Date "2014.01.10"]
[Round "4"]
[White "Ziaziulkina, Nastassia"]
[Black "Zhigalko, Sergei"]
[Result "1-0"]
[WhiteElo "2386"]
[BlackElo "2682"]
[PlyCount "96"]
[EventDate "2014.01.07"]
[EventType "tourn"]
[EventRounds "13"]
[EventCountry "BLR"]
[EventCategory "9"]
[SourceTitle "CBM 158 Extra"]
[Source "ChessBase"]
[SourceDate "2014.02.28"]
[SourceVersion "1"]
[SourceVersionDate "2014.02.28"]
[SourceQuality "1"]

1. e4 c5 2. Nf3 e6 3. d4 cxd4 4. Nxd4 a6 5. Bd3 Bc5 6. Nb3 Ba7 7. Qe2 Nc6 8. Be3 d6 9. Nc3 Nf6 10. Bxa7 Rxa7 11. g4 b5 12. O-O-O b4 13. Na4 Nd7 14. f4 Qc7 15. g5 Bb7 16. Rhf1 e5 17. f5 Ne7 18. f6 gxf6 19. gxf6 Ng6 20. Qd2 a5 21. Bb5 Ba6 22. Bxd7+ Qxd7 23. Rf2 Bb5 24. Nb6 Qc6 25. Qxd6 Qxd6 26. Rxd6 O-O 27. Rfd2 a4 28. Nc5 h5 29. Rd8 Rxd8 30. Rxd8+ Kh7 31. Nd5 Nf4 32. Nxb4 Kg6 33. Rb8 Bd7 34. Rb6 Ne6 35. Nxd7 Rxd7 36. Nd5 Nc5 37. Rb4 Nxe4 38. Nb6 Rd4 39. Rxa4 Rxa4 40. Nxa4 Kxf6 41. b4 Ke6 42. Nb6 f5 43. a4 f4 44. a5 f3 45. Kd1 Nc3+ 46. Ke1 e4 47. a6 e3 48. Nc4 Kd5 1-0

[Event "BLR-ch 80th"]
[Site "Minsk"]
[Date "2014.01.11"]
[Round "5"]
[White "Zhigalko, Sergei"]
[Black "Nikitenko, Mihail"]
[Result "1-0"]
[WhiteElo "2682"]
[BlackElo "2101"]
[PlyCount "167"]
[EventDate "2014.01.07"]
[EventType "tourn"]
[EventRounds "13"]
[EventCountry "BLR"]
[EventCategory "9"]
[SourceTitle "CBM 158 Extra"]
[Source "ChessBase"]
[SourceDate "2014.02.28"]
[SourceVersion "1"]
[SourceVersionDate "2014.02.28"]
[SourceQuality "1"]

1. e4 c5 2. Nf3 d6 3. d4 cxd4 4. Nxd4 Nf6 5. Nc3 a6 6. Be3 e5 7. Nb3 Be6 8. Qd2 b5 9. O-O-O Nbd7 10. f3 h5 11. Kb1 Rc8 12. Nd5 Bxd5 13. exd5 Nb6 14. Bxb6 Qxb6 15. Qb4 Be7 16. c4 Qf2 17. Bd3 O-O 18. cxb5 axb5 19. Rd2 Qb6 20. Bxb5 Rb8 21. a4 Rfc8 22. Na5 Rc5 23. Rhd1 Kh8 24. Nc6 Nxd5 25. Qxc5 dxc5 26. Rxd5 Rb7 27. Rxe5 Bf6 28. Rxh5+ Kg8 29. Rd6 Qc7 30. Rhd5 c4 31. Kc2 Kh7 32. g4 Rb6 33. f4 Qc8 34. h3 Qe8 35. Ne5 Qa8 36. Nxc4 Rxb5 37. axb5 Qa4+ 38. b3 Qa2+ 39. Kc1 Qxb3 40. Nd2 Qa4 41. Rh5+ Kg8 42. Rc6 g6 43. Rc8+ Kg7 44. Rhh8 Bc3 45. Rxc3 Qa1+ 46. Kc2 Qa2+ 47. Kd1 Qa1+ 48. Kc2 Qa2+ 49. Kc1 Qa1+ 50. Nb1 Kxh8 51. b6 Qa6 52. Rb3 Qc4+ 53. Kb2 Qe2+ 54. Ka1 Qa6+ 55. Na3 Qf1+ 56. Kb2 Qg2+ 57. Nc2 Qb7 58. Ne3 Kh7 59. Nc4 Qg2+ 60. Ka3 Qa8+ 61. Kb4 Qf8+ 62. Kc3 Qh8+ 63. Kd3 Qd8+ 64. Kc2 Qd5 65. Rb4 Qe4+ 66. Kb3 Qf3+ 67. Ka4 Qc6+ 68. Ka3 Qf3+ 69. Rb3 Qb7 70. Rb5 Qe7+ 71. Kb3 Qb7 72. Kb4 Qe7+ 73. Rc5 Kg7 74. Kb5 Qb7 75. Ne5 g5 76. fxg5 Qe7 77. h4 Qe8+ 78. Kb4 Qb8 79. Nc4 Qa8 80. Rc7 Qf8+ 81. Kb3 Qd8 82. Kb4 Qf8+ 83. Kb5 Qd8 84. Kc5 1-0

[Event "BLR-ch 80th"]
[Site "Minsk"]
[Date "2014.01.12"]
[Round "6"]
[White "Stupak, Kirill"]
[Black "Zhigalko, Sergei"]
[Result "0-1"]
[WhiteElo "2505"]
[BlackElo "2682"]
[PlyCount "48"]
[EventDate "2014.01.07"]
[EventType "tourn"]
[EventRounds "13"]
[EventCountry "BLR"]
[EventCategory "9"]
[SourceTitle "CBM 158 Extra"]
[Source "ChessBase"]
[SourceDate "2014.02.28"]
[SourceVersion "1"]
[SourceVersionDate "2014.02.28"]
[SourceQuality "1"]

1. d4 Nf6 2. c4 e6 3. g3 c5 4. d5 exd5 5. cxd5 d6 6. Nc3 g6 7. Bg2 Bg7 8. Nf3 O-O 9. O-O Re8 10. Nd2 a6 11. a4 Nbd7 12. h3 b6 13. Re1 Nh5 14. Nce4 Ne5 15. f4 f5 16. fxe5 fxe4 17. e6 Nxg3 18. Nxe4 Nxe4 19. Bxe4 Qh4 20. Bg2 Bb7 21. Be3 Rxe6 22. Bf2 Qg5 23. Bh4 Qxh4 24. dxe6 Qg3 0-1

[Event "BLR-ch 80th"]
[Site "Minsk"]
[Date "2014.01.13"]
[Round "7"]
[White "Zhigalko, Sergei"]
[Black "Lomako, Pavel"]
[Result "0-1"]
[WhiteElo "2682"]
[BlackElo "2370"]
[PlyCount "81"]
[EventDate "2014.01.07"]
[EventType "tourn"]
[EventRounds "13"]
[EventCountry "BLR"]
[EventCategory "9"]
[SourceTitle "CBM 158 Extra"]
[Source "ChessBase"]
[SourceDate "2014.02.28"]
[SourceVersion "1"]
[SourceVersionDate "2014.02.28"]
[SourceQuality "1"]

1. e4 c6 2. d4 d5 3. Nd2 g6 4. Ngf3 Bg7 5. Bd3 Nd7 6. Qe2 dxe4 7. Nxe4 Ndf6 8. Nc5 Nd5 9. O-O Ngf6 10. c4 Nb4 11. Bb1 b6 12. Ne4 O-O 13. a3 Na6 14. Rd1 Bb7 15. Bf4 Nc7 16. Neg5 b5 17. b3 bxc4 18. bxc4 c5 19. dxc5 Qc8 20. Ra2 Na6 21. c6 Qxc6 22. Qf1 Nc5 23. Ne5 Qc8 24. Re2 Nh5 25. Bc1 f6 26. Nxh7 fxe5 27. Nxf8 Qxf8 28. Bxg6 Nf4 29. Bxf4 Qxf4 30. Re3 e4 31. Rh3 Nd3 32. Bh7+ Kf8 33. Rh5 e6 34. g3 Qf3 35. Rh4 Ke7 36. Rxe4 Nxf2 37. Rde1 Qh1+ 38. Kxf2 Rf8+ 39. Rf4 Rxf4+ 40. gxf4 Qf3+ 41. Kg1 0-1

[Event "BLR-ch 80th"]
[Site "Minsk"]
[Date "2014.01.14"]
[Round "8"]
[White "Maiorov, Nikita"]
[Black "Zhigalko, Sergei"]
[Result "1/2-1/2"]
[WhiteElo "2552"]
[BlackElo "2682"]
[PlyCount "34"]
[EventDate "2014.01.07"]
[EventType "tourn"]
[EventRounds "13"]
[EventCountry "BLR"]
[EventCategory "9"]
[SourceTitle "CBM 158 Extra"]
[Source "ChessBase"]
[SourceDate "2014.02.28"]
[SourceVersion "1"]
[SourceVersionDate "2014.02.28"]
[SourceQuality "1"]

1. d4 Nf6 2. c4 e6 3. Nc3 Bb4 4. Qc2 O-O 5. a3 Bxc3+ 6. Qxc3 d6 7. Nf3 b6 8. g3 Bb7 9. Bg2 a5 10. b3 Nbd7 11. O-O Qb8 12. Bb2 Be4 13. a4 Rd8 14. Rfe1 h6 15. Bh3 Bh7 16. Nd2 c6 17. Bg2 d5 1/2-1/2

[Event "BLR-ch 80th"]
[Site "Minsk"]
[Date "2014.01.15"]
[Round "9"]
[White "Zhigalko, Sergei"]
[Black "Kovalev, Vladislav"]
[Result "1-0"]
[WhiteElo "2682"]
[BlackElo "2562"]
[PlyCount "97"]
[EventDate "2014.01.07"]
[EventType "tourn"]
[EventRounds "13"]
[EventCountry "BLR"]
[EventCategory "9"]
[SourceTitle "CBM 158 Extra"]
[Source "ChessBase"]
[SourceDate "2014.02.28"]
[SourceVersion "1"]
[SourceVersionDate "2014.02.28"]
[SourceQuality "1"]

1. e4 e5 2. Nf3 Nc6 3. Bb5 Nf6 4. O-O Nxe4 5. d4 Nd6 6. Bxc6 dxc6 7. dxe5 Nf5 8. Qxd8+ Kxd8 9. Nc3 Bd7 10. h3 b6 11. Bf4 h6 12. Rad1 Kc8 13. b3 Be7 14. g4 Nh4 15. Nxh4 Bxh4 16. Kg2 Be7 17. Bg3 h5 18. f3 a5 19. a4 hxg4 20. hxg4 Rd8 21. Rh1 Kb7 22. Bh4 Bxh4 23. Rxh4 Be6 24. Rhh1 c5 25. Kg3 c4 26. bxc4 Bxc4 27. f4 Kc6 28. f5 Kc5 29. Ne4+ Kb4 30. Rb1+ Kxa4 31. Rhe1 Rd4 32. e6 fxe6 33. fxe6 Re8 34. Nc3+ Ka3 35. Rb5 Bxb5 36. Nxb5+ Kb2 37. Nxd4 a4 38. Nb5 a3 39. Nxc7 Re7 40. Nd5 Re8 41. Nb4 g5 42. Re3 Kc1 43. Kf3 Kd2 44. Rxa3 Rxe6 45. Rd3+ Kc1 46. Rd5 Kb2 47. Rxg5 Kc3 48. Nd5+ Kxc2 49. Rf5 1-0

[Event "BLR-ch 80th"]
[Site "Minsk"]
[Date "2014.01.16"]
[Round "10"]
[White "Teterev, Vitaly"]
[Black "Zhigalko, Sergei"]
[Result "0-1"]
[WhiteElo "2507"]
[BlackElo "2682"]
[PlyCount "68"]
[EventDate "2014.01.07"]
[EventType "tourn"]
[EventRounds "13"]
[EventCountry "BLR"]
[EventCategory "9"]
[SourceTitle "CBM 158 Extra"]
[Source "ChessBase"]
[SourceDate "2014.02.28"]
[SourceVersion "1"]
[SourceVersionDate "2014.02.28"]
[SourceQuality "1"]

1. Nf3 d5 2. g3 c6 3. Bg2 Bg4 4. c4 e6 5. O-O Nf6 6. d4 Nbd7 7. Qb3 Qb6 8. c5 Qa6 9. Bf4 b6 10. cxb6 axb6 11. Nc3 Be7 12. e4 O-O 13. exd5 exd5 14. Rfe1 Rfe8 15. Qc2 g6 16. Qd2 Bb4 17. Ne5 Nxe5 18. dxe5 Nd7 19. a3 Bf8 20. h3 Bf5 21. Bf1 Qb7 22. g4 Be6 23. Bg3 Bg7 24. b4 b5 25. f4 f5 26. gxf5 Bxf5 27. a4 bxa4 28. b5 cxb5 29. Bxb5 Ra5 30. Bxa4 Rea8 31. e6 Bxe6 32. Rxe6 Nc5 33. Rb1 Bxc3 34. Qd1 Qf7 0-1

[Event "BLR-ch 80th"]
[Site "Minsk"]
[Date "2014.01.17"]
[Round "11"]
[White "Zhigalko, Sergei"]
[Black "Aleksandrov, Aleksej"]
[Result "1/2-1/2"]
[WhiteElo "2682"]
[BlackElo "2578"]
[PlyCount "69"]
[EventDate "2014.01.07"]
[EventType "tourn"]
[EventRounds "13"]
[EventCountry "BLR"]
[EventCategory "9"]
[SourceTitle "CBM 158 Extra"]
[Source "ChessBase"]
[SourceDate "2014.02.28"]
[SourceVersion "1"]
[SourceVersionDate "2014.02.28"]
[SourceQuality "1"]

1. c4 e6 2. Nc3 d5 3. d4 Nf6 4. cxd5 exd5 5. Bg5 c6 6. Qc2 h6 7. Bh4 g6 8. e3 Bf5 9. Bd3 Bxd3 10. Qxd3 Nbd7 11. Nge2 Bg7 12. O-O O-O 13. f3 b5 14. Rad1 Re8 15. Kh1 b4 16. Nb1 Qe7 17. Bf2 a5 18. Nd2 c5 19. dxc5 Nxc5 20. Qb1 a4 21. Rfe1 Qb7 22. Nf1 Rac8 23. b3 Re6 24. Nd4 Ra6 25. Ng3 Rca8 26. Rc1 Nfd7 27. Nge2 axb3 28. axb3 Ra3 29. Bg3 Qa6 30. Nf4 Bxd4 31. exd4 Rxb3 32. Qc2 Rc3 33. Qb1 Rb3 34. Qc2 Rc3 35. Qb1 1/2-1/2

[Event "BLR-ch 80th"]
[Site "Minsk"]
[Date "2014.01.18"]
[Round "12"]
[White "Lutsko, Igor"]
[Black "Zhigalko, Sergei"]
[Result "1-0"]
[WhiteElo "2343"]
[BlackElo "2682"]
[PlyCount "79"]
[EventDate "2014.01.07"]
[EventType "tourn"]
[EventRounds "13"]
[EventCountry "BLR"]
[EventCategory "9"]
[SourceTitle "CBM 158 Extra"]
[Source "ChessBase"]
[SourceDate "2014.02.28"]
[SourceVersion "1"]
[SourceVersionDate "2014.02.28"]
[SourceQuality "1"]

1. d4 Nf6 2. c4 e6 3. Nc3 Bb4 4. e3 O-O 5. Bd3 d5 6. Nf3 c5 7. O-O b6 8. cxd5 exd5 9. Ne5 Bb7 10. Ne2 c4 11. Bc2 Nc6 12. Bd2 Bd6 13. f4 Rc8 14. Be1 Ne7 15. Bh4 Ne4 16. Bxe7 Qxe7 17. Ng3 g6 18. Qg4 Kh8 19. Qh3 b5 20. Rad1 Kg8 21. Bxe4 dxe4 22. f5 Bxe5 23. dxe5 Qxe5 24. Rd7 Rb8 25. Qh6 Qg7 26. Qh4 g5 27. Qg4 Kh8 28. Nh5 Qxb2 29. f6 Qe5 30. Rf5 Qc3 31. Qxg5 Rg8 32. Qg7+ Rxg7 33. fxg7+ Kg8 34. Rfxf7 Bc6 35. Rc7 b4 36. Nf6+ Qxf6 37. Rxf6 Bd5 38. Rd7 b3 39. axb3 cxb3 40. Rf8+ 1-0